Dr. Seuss Books by Cover Quiz Stats

 Plays Quiz Updated Oct 18, 2012

Challenge
Share
Tweet
Score 0/16 Timer 05:00
0 Plays Today
Image # Book Title % Correct
Green Eggs and Ham
95.1%
The Cat in the Hat
91.5%
How the Grinch Stole Christmas!
88.6%
One Fish, Two Fish, Red Fish, Blue Fish
86.3%
The Lorax
79%
Hop on Pop
68.1%
Fox in Socks
63%
Oh, the Places You'll Go!
60.9%
Image # Book Title % Correct
Yertle the Turtle and Other Stories
47.5%
There's a Wocket in My Pocket
43.5%
The Cat in the Hat Comes Back
40.4%
The Foot Book
34.4%
The Sneetches and Other Stories
31.1%
Horton Hatches the Egg
24.3%
And to Think That I Saw It on Mulberry Street
24.1%
If I Ran the Zoo
9.6%

You're not logged in!

Compare scores with friends on all Sporcle quizzes.
OR
Log In

You Might Also Like...

Show Comments

Extras

Top Quizzes Today


Score Distribution

Your Account Isn't Verified!

In order to create a playlist on Sporcle, you need to verify the email address you used during registration. Go to your Sporcle Settings to finish the process.

Report this User

Report this user for behavior that violates our Community Guidelines.

Details: